| 000 | 01009nmm a2200313 a 4500 | ||
|---|---|---|---|
| 001 | ocm000652885 | ||
| 003 | TR-IsHL | ||
| 005 | 20201028132851.0 | ||
| 008 | 131030s2010 tu tur | ||
| 007 | cr cn | ||
| 020 | _a9789944995030 | ||
| 035 |
_a652885 _b(N$T) |
||
| 050 | 0 | 4 |
_aHV5740 _b.S29 2010 |
| 090 | 0 | 4 |
_aHV5740 _b.S29 2010 |
| 100 | 1 | _aSaygılı, Sefa | |
| 245 | 1 | 0 |
_aSigarayı niçin ve nasıl bırakmalı? _h[electronic resource] / _cSefa Saygılı |
| 260 |
_aİstanbul : _bElit Kültür Yayınları, _c2010 |
||
| 300 | _a97 p. | ||
| 650 | 4 | _aSosyoloji | |
| 650 | 4 | _aSociology | |
| 650 | 0 | _aSigara bırakma programları | |
| 650 | 0 | _aSmoking cessation programs | |
| 650 | 0 | _aSigara alışkanlığı | |
| 650 | 0 | _aSmoking habit | |
| 650 | 0 | _aSigaranın zararları | |
| 650 | 0 | _aHazards of smoking | |
| 650 | 7 |
_aSELF-HELP / Substance Abuse & Addictions / Tobacco _2bisacsh |
|
| 856 | 4 | 0 | _uhttp://search.ebscohost.com/login.aspx?direct=true&scope=site&db=e011xww&AN=652885 |
| 999 |
_c5325 _d5325 |
||